000 005300000a22001690004500
003 MACL
005 20160416151356.0
008 160416b xxu||||| |||| 00| 0 eng d
040 _aMACL
_cMACL
041 _aHindi
082 _a800
100 _aनैमिशराय मोहनदास
_952481
245 _aबाबा साहेब और उनके संस्‍मरण
260 _bसंगीता प्रकाशन
_c1998
_aनई दिल्‍ली
350 _a30
942 _cHIN
_k741.642
_2ddc
999 _c9576
_d9576